Phyto SoyaR Glycine max doplnok stravy

Bibliographic Details
Main Author: Kostiuk, Pavel, 1946- (Author)
Format: Article
Language:Slovak
PhysicalDescription:Obr.
ISSN:1336-3239
Subjects:

MARC

LEADER 00000nab a2200000 a 4500
001 vtls008952632
003 SK-MaSNL
005 20260304145425.0
008 250505c2005 xo fr|p|||||||000 b|slo
015 |a SNBRB2007/02 
035 |a (sysno)vtls008952632 
035 |a urn:nbn:sk:snk-ab7d5u 
035 |a (uuid)9c1c10fa-75a0-46d4-8990-d68f9d8df427 
035 |a (urnnbn)urn:nbn:sk:snk:ar-a07lqe 
038 |a SNKBUCL 
040 |a SNKBUCL  |b slo  |c SNKBUCL  |e AACR2 
041 0 |a slo 
044 |a xo  |c SK 
080 |a 615.322:547.972.2  |2 2001 
080 |a 547.972.2  |2 2001 
100 1 |a Kostiuk, Pavel,  |d 1946-  |4 aut  |9 196029 
245 1 0 |a Phyto SoyaR Glycine max  |b doplnok stravy  |c Pavel Kostiuk 
300 |b Obr. 
504 |a Bibliogr. odkazy 
650 0 7 |a Phyto SoyaR (výživový doplnok)  |2 snkbucl  |9 1458089 
650 0 7 |a glycín  |2 snkbucl  |9 21971 
650 0 7 |a izoflavóny  |2 snkbucl  |9 1405969 
773 0 |t Medinews  |g Roč. 4, č. 2 (2006), s. 14-15  |x 1336-3239 
850 |a Slovenská národná knižnica 
852 |a Slovenská národná knižnica 
954 |a odborná, vedecká literatúra pôvodná (slovenská)  |2 lita 
958 |a article2022 
958 |a OND 
958 |a MI 
958 |a NB 
958 |a EUIPO 
999 |c 2935539  |d 2937469